00501nam a2200169Ia 450000500170000000800410001702000220005804100080008008200180008810000150010624501070012126000320022830000090026050000170026965000160028670000290030220230301120533.0230125s9999 xx 000 0 und d a978-81-7554-590-8 aeng a658.3125bCAR aCarter M A aImproving Employee PerformancebThrough Workplace Coaching A Practical Guide to Performance Management c2010bKogan PageaNew Delhi a178p aPerformance  aPerformance aCarter M A & Mcmahon F A